000 00496 a2200205 4500
001 17327
020 _a8516031195
041 _apor
090 _aYear 3 028
100 _aGóes, Lúcia Pimentel.
250 _a2.ed.
490 _aGirassol
697 _aLiteratura infanto-juvenil
830 _aGirassol
856 _u00001c/00001cdf.jpg
040 _aBR-BrIDEA
_cBR-BrIDEA
245 1 0 _aFalando pelos cotovelos
_c Lúcia Pimentel Góes
260 _a[S.l.]
_bModerna
_c2002
942 _cBK
999 _c17327
_d17327